Văn học Giáo trình chính thức đào tạo giáo viên Tiểu học hệ CĐSP và SP 12+2 T.2

সংরক্ষণ করুন:
গ্রন্থ-পঞ্জীর বিবরন
প্রধান লেখক: Trần Đình Sử
বিন্যাস: গ্রন্থ
প্রকাশিত: H. Giáo dục 1999
সংস্করন:Tái bản lần 1
বিষয়গুলি:
ট্যাগগুলো: ট্যাগ যুক্ত করুন
কোনো ট্যাগ নেই, প্রথমজন হিসাবে ট্যাগ করুন!
Thư viện lưu trữ: Trung tâm Học liệu Lê Vũ Hùng, Trường Đại học Đồng Tháp
LEADER 00931pam a22002778a 4500
001 00025467
005 20171026081023.0
008 110805s1999 ||||||Viesd
041 0 # |a Vie 
082 1 4 |a 807  |b V115H 
100 0 # |a Trần Đình Sử 
245 0 0 |a Văn học  |b Giáo trình chính thức đào tạo giáo viên Tiểu học hệ CĐSP và SP 12+2  |c Trần Đình Sử  |n T.2 
250 # # |a Tái bản lần 1  |b Có chỉnh lý 
260 # # |a H.  |b Giáo dục  |c 1999 
300 # # |a 139 tr.  |c 21 cm. 
500 # # |a ĐTTS ghi: bộ GD và ĐT 
650 # 4 |a Giáo trình 
650 # 4 |a Văn học 
653 # # |a Việt Nam 
852 # # |b Kho giáo trình  |j KGT.0023287 
852 # # |b Kho mượn  |j KGT.0023287 
852 # # |j KGT.0023287  |j KGT.0023288 
910 0 # |d 05/08/2011 
980 # # |a Trung tâm Học liệu Lê Vũ Hùng, Trường Đại học Đồng Tháp